MDQL
is popping MORE tags! Check the
thread
!
Quizzes
Events
Quiz Creation
Community
Videos
Private Events
Remove Ads
Sign In
Join for FREE
Feedback
Dark Mode
Quiz Categories
Sports
Geography
Music
Movies
Television
Just For Fun
Miscellaneous
History
Literature
Language
Science
Gaming
Entertainment
Religion
Holiday
For Kids
Quiz Lab
Recent
Popular Today
Quiz Kudos Today
Editor Picks
Curator Picks
Quizzes by...
Day
Popularity
Type
Ratings
Length
Year
Community
Subscriptions
Recent Discussions
Orange Saloon
Badges
Playlists
Quests
Create
Leaderboards
Showdown
Live 5
Trivia Bingo
Activity
Puzzle Library
Sporcle Events
Private Events
Virtual Trivia
Globe League
Become a Host
Pub Owners
SporcleCon
Opinionation
Our Games
Videos
Blog
Mobile Apps
Partnerships
Remove Ads and Go Orange
Feedback
Miscellaneous
Crossword
General Knowledge
Baby Names
Logo
Food
Cars
Numbers
Grab Bag
University
College
Popular
Company
Slogans
Restaurants
Justice
Letter
Miscellaneous
Crossword
General Knowledge
Baby Names
Logo
Food
Cars
Numbers
Grab Bag
University
College
Popular
Company
Slogans
Restaurants
Justice
Letter
Random Quiz
Search Sporcle
×
Quiz Lab
Quiz Lab
Miscellaneous
Blitz
Type in answers that appear in a list
Type in answers that appear in a list
Classic
Best Score? Go Orange.
Spacebar Clicker Stats
Can you click the spacebar 300 times in 1 minute?
By
kaitlin206
60s
300 Questions
3M Plays
2,964,392 Plays
2,964,392 Plays
Comments
Comments
Give Quiz Kudos
Give Quiz Kudos
-
- Ratings
hide this ad
Forced Order
Answers have to be entered in order
Answers have to be entered in order
Replay
Link that replays current quiz
Next Quiz
Link to next quiz in quiz playlist
You Got
0%
They Got
Avg Score
91%
Avg Friend Score
Upgrade to see
Score Distribution
Jump to the score distribution portion of the page
Score
0/300
Timer
01:00
22
Plays Today
CLICK!
% Correct
99.4%
99.3%
99.2%
99.1%
99.1%
99%
98.9%
98.8%
98.8%
98.7%
98.6%
98.5%
98.5%
98.4%
98.3%
98.2%
98.2%
98.1%
98%
98%
97.9%
97.8%
97.8%
97.7%
97.6%
97.6%
97.5%
97.4%
97.4%
97.3%
97.2%
97.2%
97.1%
97.1%
97%
96.9%
96.9%
96.8%
96.8%
96.7%
96.7%
96.6%
96.5%
96.5%
96.4%
96.4%
96.3%
96.3%
96.2%
96.2%
96.2%
96.2%
96.1%
96.1%
96.1%
96.1%
96%
96%
96%
95.9%
95.9%
95.9%
95.8%
95.8%
95.7%
95.7%
95.6%
95.6%
95.5%
95.5%
95.5%
95.4%
95.4%
95.3%
95.3%
95.2%
95.2%
95.1%
95.1%
95%
95%
94.9%
94.9%
94.9%
94.8%
94.8%
94.7%
94.7%
94.6%
94.6%
94.6%
94.5%
94.5%
94.4%
94.4%
94.3%
94.3%
94.3%
94.2%
94.2%
CLICK!
% Correct
94.2%
94.1%
94.1%
94.1%
94%
94%
94%
94%
93.9%
93.9%
93.9%
93.8%
93.8%
93.8%
93.7%
93.7%
93.6%
93.6%
93.6%
93.5%
93.5%
93.5%
93.4%
93.4%
93.3%
93.3%
93.2%
93.2%
93.2%
93.1%
93.1%
93%
93%
93%
92.9%
92.9%
92.8%
92.8%
92.8%
92.7%
92.7%
92.6%
92.6%
92.5%
92.5%
92.5%
92.4%
92.4%
92.4%
92.3%
92.3%
92.2%
92.2%
92.2%
92.2%
92.1%
92.1%
92%
92%
92%
91.9%
91.9%
91.9%
91.8%
91.8%
91.7%
91.7%
91.6%
91.6%
91.6%
91.5%
91.5%
91.4%
91.4%
91.3%
91.3%
91.2%
91.2%
91.1%
91.1%
91%
91%
90.9%
90.9%
90.8%
90.8%
90.7%
90.7%
90.6%
90.6%
90.5%
90.5%
90.4%
90.4%
90.3%
90.3%
90.3%
90.2%
90.2%
90.1%
CLICK!
% Correct
90.1%
90%
89.9%
89.9%
89.9%
89.8%
89.8%
89.7%
89.7%
89.6%
89.5%
89.5%
89.4%
89.4%
89.3%
89.3%
89.2%
89.1%
89.1%
89%
88.9%
88.9%
88.8%
88.7%
88.6%
88.6%
88.5%
88.4%
88.4%
88.3%
88.2%
88.1%
88.1%
88%
87.9%
87.8%
87.7%
87.6%
87.6%
87.5%
87.4%
87.3%
87.2%
87.1%
87.1%
87%
86.9%
86.8%
86.7%
86.6%
86.5%
86.4%
86.3%
86.2%
86.1%
86%
85.9%
85.8%
85.7%
85.6%
85.5%
85.4%
85.3%
85.1%
85%
84.9%
84.8%
84.6%
84.5%
84.4%
84.2%
84.1%
84%
83.8%
83.7%
83.5%
83.4%
83.2%
83.1%
82.9%
82.8%
82.6%
82.5%
82.3%
82.1%
82%
81.8%
81.6%
81.4%
81.3%
81.1%
80.9%
80.7%
80.5%
80.4%
80.2%
80%
79.9%
79.8%
79.8%
Quiz Playlist
Details
Report
Send in Message
Add To Playlist
Classic:
Type in answers that appear in a list
Forced Order:
Answers have to be entered in order
Last Updated: Feb 14, 2022
Quiz Scoreboard
CHALLENGE
Sign Up to Join the Scoreboard
Show All
Scores
Hide
Comments
May contain spoilers
Recently Published
1-10 Letter E Words III
by El_Dandy
Language
2m
Street Fighter Characters
by Artimus82
Gaming
60s
College Basketball Coaching Resumes
by pancakes188
Sports
9m
More to Explore
Quiz From the Vault
Featured Blog Post
Where Did the Easter Bunny Come From?
hide this ad
You Might Also Like...
Tags
Blitz Quiz
300
60 Second Blitz
bar
minute
space
Today's Top Quizzes in Miscellaneous
Browse Miscellaneous
hide this ad
Today's Top Quizzes in Blitz
Browse Blitz
Top Contributed Quizzes in Miscellaneous
1
5-to-1: Fast Food
2
The JOE quick-fire general knowledge quiz: Day 174
3
The JOE quick-fire general knowledge quiz: Day 173
4
5-to-1: Cocktails
5
The JOE quick-fire general knowledge quiz: Day 172
6
9x9 Crossword: Disney Movie Titles
7
9x9 Crossword: Charlie and the Chocolate Factory
8
Sunday Crossword: Famous Bodies of Water
9
The JOE quick-fire general knowledge quiz: Day 171
10
9x9 Crossword: Flags
Explore More
Trending Topics
Crossword
Harry Potter
Disney
Marvel
NBA
Kpop
Anime
Soccer
The Office
Country
Puzzle
Song
WWE
Pokémon
NFL
hide this ad
More By:
kaitlin206
Quiz
Plays
Rating
Category
Featured
Created
Spacebar Clicker
2,964,391
4.10
Miscellaneous
Sep 29, 2013
Can you name numbers 1-100 in 1 minute?
5,625
2.92
Entertainment
Sep 23, 2013
Name as many animals as you can
4,229
2.59
Science
Sep 23, 2013
Top 45 biggest countries in Europe
354
2.00
Geography
Sep 29, 2013
Countries in Spanish
325
3.25
Language
Oct 1, 2013
Go to Creator's Profile
Score Distribution
Quiz Creator Spotlight
kaitlin206
Follow
Send a Message
Quizzes Created
-
Created Quiz Play Count
-
More By This Creator
Popular Quizzes Today
1
Find the US States - No Outlines Minefield
2
Find the Countries of Europe - No Outlines Minefield
3
The Countries of the World
4
Find the US States
5
Risky Map Clicking: Biggest States A-Z
6
US States
7
Popular People in 1961
8
Movies - When Are They Set?
More Miscellaneous Quizzes
TinyGrid: Big 4 Teams pt. 1
Quiz Lab
Trending Quizzes
Risky Map Clicking: Least Populous States A-Z
Billboard Blitz: Aretha Franklin
Famous Russians: Author or Composer?
1-10 Letter G Words
Countries of the World: 200 Million BC
Recently Updated
Leaping Animals
pecheneg
Reality TV Shows (A-Z)
bhenderson79
Rickey Henderson's Hall of Fame Teammates
pecheneg
Champions League XIs: Arsenal
pecheneg
Quick Pick: Celebrities in WWE's Hall of Fame
aduchscher
A-Z Keypad Blitz II
pecheneg
Multiple Oscar Actors
pecheneg
Mystery Phrase Blitz: Oscar 'Best Actors'
pecheneg
F. Scott Fitzgerald Novels
LTH
Pick 3 Villains
ddd62291
Trending Topics
Harry Potter
Crossword
NBA
Kpop
Anime
Marvel
Disney
The Office
Song
NFL
Puzzle
Country
Soccer
WWE
Pokémon
Your Account Isn't Verified!
In order to create a playlist on Sporcle, you need to verify the email address you used during registration. Go to your
Sporcle Settings
to finish the process.
Report this User
Report this user for behavior that violates our
Community Guidelines
.
Details:
Send Report
Go to the Sporcle.com Mobile Site →
Comments